Los valores superiores / (Record no. 117404)

MARC details
000 -LEADER
campo de control de longitud fija 00632nam a2200205 4500
001 - NÚMERO DE CONTROL
campo de control 117404
003 - IDENTIFICADOR DE NÚMERO DE CONTROL
campo de control ES-MaACL
005 - FECHA Y HORA DE LA ÚLTIMA TRANSACCIÓN
campo de control 20250304063102.0
007 - CAMPO FIJO DE DESCRIPCIÓN FÍSICA--INFORMACIÓN GENERAL
campo de control de longitud fija t|
008 - DATOS DE LONGITUD FIJA--INFORMACIÓN GENERAL
campo de control de longitud fija 070302s1984 sp r ||||1| spa d
020 ## - NÚMERO INTERNACIONAL ESTÁNDAR DEL LIBRO
Número Internacional Estándar del Libro 84-309-1110-3
100 1# - ENTRADA PRINCIPAL--NOMBRE DE PERSONA
Nombre de persona Peces-Barba, Gregorio,
Fechas asociadas al nombre 1938-
9 (RLIN) 89835
245 14 - MENCIÓN DEL TÍTULO
Título Los valores superiores /
Mención de responsabilidad, etc. Gregorio Peces-Barba.
260 ## - PUBLICACIÓN, DISTRIBUCIÓN, ETC.
Lugar de publicación, distribución, etc. Madrid :
Nombre del editor, distribuidor, etc. Tecnos,
Fecha de publicación, distribución, etc. D.L. 1984.
300 ## - DESCRIPCIÓN FÍSICA
Extensión 173 p. ;
Dimensiones 18 cm.
490 1# - MENCIÓN DE SERIE
Mención de serie Temas clave de la Constitución española
830 0# - PUNTO DE ACCESO ADICIONAL DE SERIE-TÍTULO UNIFORME
Título uniforme Temas clave de la Constitución española
9 (RLIN) 178650
852 ## - LOCALIZACIÓN
Ubicación ES-MaACL
Número de control de estantería L-9944
Sublocalización o colección R.112124
Holdings
Estatus retirado Estado de pérdida Estado de daño No para préstamo Biblioteca de origen Biblioteca actual Ubicación en estantería Fecha de adquisición Fuente de adquisición Total de préstamos Signatura topográfica completa Código de barras Visto por última vez Precio de reemplazo Tipo de ítem Koha
        Biblioteca del Ateneo de Madrid Biblioteca del Ateneo de Madrid Depósito 2 17/01/2008     L-9944 1122405 23/02/2023 23/02/2023 Libro impreso